000 00623nam a2200241 a 4500
001 nice12345678
003 IN_TiNIC
005 20260116011750.0
008 050524s1960 gena grp 000 0 eng
020 _a
_c100
082 0 0 _a297.409
_bINT
100 _aInternational, Headquarter Of Sufi
245 _aSufi Record
260 _aGeneva
_bInternational Head Quarters of Sufi Move
_c1960
300 _a56p
500 _aincludes index and biblioraphy
505 2 _aIndexes
650 _aSufism-Hagiography
700 1 _aInternational, Headquarter Of Sufi
902 _bSRS
942 _cBK
999 _c3792
_d3792